სოფლის მეურნეობის ეკონომიკის პრაქტიკუმი : (ბიბ.ჩანაწერი № 63024)
[ მარტივი ფორმატი ]
| 000 -ლიდერი | |
|---|---|
| ფიქსირებული სიგრძის საკონტროლო ველი | 01115nam a22001937a 4500 |
| 003 - საკონტროლო ნომრის იდენტიფიკატორი | |
| საკონტროლო ველი | Ge_BSU |
| 005 - ბოლო ოპერაციის თარიღი და დრო | |
| საკონტროლო ველი | 20250508123907.0 |
| 008 - ფიქსირებული სიგრძის მონაცემთა ელემენტები - ზოგადი ინფორმაცია | |
| ფიქსირებული სიგრძის საკონტროლო ველი | 250508s1980 ge ||||| |||| 00| 0 geo d |
| 041 ## - ენის კოდი | |
| Language code of text/sound track or separate title | geo |
| 080 ## - უნივერსალური ათობითი კლასიფიკაციის ინდექსი | |
| Universal Decimal Classification number | 338.43(076.5) ს-72 |
| 245 ## - ცნობა სათაურის შესახებ | |
| Title | სოფლის მეურნეობის ეკონომიკის პრაქტიკუმი : |
| Remainder of title | [დამხმ. სახელმძღვ. სას-სამ. უმაღლ. სასწ. ეკონომ. სპეც. სტუდენტებისათვის] / |
| Statement of responsibility, etc | ვ.ი. ირჟიჩკოს რედ. |
| 250 ## - გამოცემის ცნობა | |
| Edition statement | თარგმანი მე-2 შევს. და გადამ. რუს. გამოც. |
| 264 ## - წარმოების, გამოცემის, დისტრიბუციის და სხვა ცნობები | |
| გამოცემის, წარმოების, დისტრიბუციის... ადგილი | თბ. : |
| გამოცემის, წარმოების, დისტრიბუციის... სახელწოდება | განათლება, |
| გამოცემის, წარმოების, დისტრიბუციის... თარიღი | 1980. |
| 300 ## - ფიზიკური აღწერა | |
| Extent | 275 გვ. ; |
| Other physical details | 21 სმ. |
| 653 ## - INDEX TERM--UNCONTROLLED | |
| Uncontrolled term | სოფლის მეურნეობის ეკონომიკა |
| 653 ## - INDEX TERM--UNCONTROLLED | |
| Uncontrolled term | პრაქტიკული სახელმძღვანელოები |
| 700 ## - ADDED ENTRY--PERSONAL NAME | |
| Personal name | ირჟიჩკო, ვ.ი. |
| Relator term | რედაქტორი |
| 9 (RLIN) | 25024 |
| 942 ## - ADDED ENTRY ELEMENTS (KOHA) | |
| Source of classification or shelving scheme | |
| Koha item type | წიგნი |
| ჩამოწერის სტატუსი | დაკარგული ეგზემპლარის სტატუსი | კლასიფიკაციის წყარო ან თაროზე გაწყობის სქემა | დაზიანების სტატუსი | არ გაიცემა | მუდმივი მდებარეობა (დაცვის ადგილი) | ამჟამინდელი ადგილსამყოფელი | თაროზე განთავსების ადგილი | შეძენის თარიღი | ღირებულება, შესყიდვის ნორმალური ფასი | სრული შენახვის შიფრი | შტრიხკოდი | ბოლო ოპერაციის თარიღი | ეგზემპლარის მიმდევრობითი ნომერი (კეტერი?) | ფასის ძალაში შესვლის თარიღი | ეგზემპლარის სახეობა | საჯარო შენიშვნა |
|---|---|---|---|---|---|---|---|---|---|---|---|---|---|---|---|---|
| ბათუმის შოთა რუსთაველის სახელმწიფო უნივერსიტეტის მთავარი ბიბლიოთეკა | ბათუმის შოთა რუსთაველის სახელმწიფო უნივერსიტეტის მთავარი ბიბლიოთეკა | წიგნსაცავი | 2025-05-08 | 1.30 | 338.43(076.5) ს-72 | 71377 | 2025-05-08 | 71377 | 2025-05-08 | წიგნი | 1 ლ. 30 თ. | |||||
| ბათუმის შოთა რუსთაველის სახელმწიფო უნივერსიტეტის მთავარი ბიბლიოთეკა | ბათუმის შოთა რუსთაველის სახელმწიფო უნივერსიტეტის მთავარი ბიბლიოთეკა | წიგნსაცავი | 2025-05-08 | 1.30 | 338.43(076.5) ს-72 | 71375 | 2025-05-08 | 71375 | 2025-05-08 | წიგნი | 1 ლ. 30 თ. | |||||
| ბათუმის შოთა რუსთაველის სახელმწიფო უნივერსიტეტის მთავარი ბიბლიოთეკა | ბათუმის შოთა რუსთაველის სახელმწიფო უნივერსიტეტის მთავარი ბიბლიოთეკა | წიგნსაცავი | 2025-05-08 | 1.30 | 338.43(076.5) ს-72 | 71374 | 2025-05-08 | 71374 | 2025-05-08 | წიგნი | 1 ლ. 30 თ. | |||||
| ბათუმის შოთა რუსთაველის სახელმწიფო უნივერსიტეტის მთავარი ბიბლიოთეკა | ბათუმის შოთა რუსთაველის სახელმწიფო უნივერსიტეტის მთავარი ბიბლიოთეკა | წიგნსაცავი | 2025-05-08 | 1.30 | 338.43(076.5) ს-72 | 71378 | 2025-05-08 | 71378 | 2025-05-08 | წიგნი | 1 ლ. 30 თ. | |||||
| ბათუმის შოთა რუსთაველის სახელმწიფო უნივერსიტეტის მთავარი ბიბლიოთეკა | ბათუმის შოთა რუსთაველის სახელმწიფო უნივერსიტეტის მთავარი ბიბლიოთეკა | წიგნსაცავი | 2025-05-08 | 1.30 | 338.43(076.5) ს-72 | 71376 | 2025-05-08 | 71376 | 2025-05-08 | წიგნი | 1 ლ. 30 თ. |
